000 00220nam a22001097a 4500
082 _a297.1228MUN
100 _a M.Munir
245 _agod universe and life
260 _aIslamabad
_c1983
300 _a216
942 _cBK
999 _c14060
_d14060